Statystyki dla Znaki rozpoznawcze Chin

Kliknij tutaj aby rozwiązać quiz!

Ogólne statystyki

  • Ten quiz został rozwiązany 3 508 razy
  • Średni wynik to 9 z 18

Statystyki odpowiedzi

Odpowiedź% Poprawnych
Panda Wielka
99%
Bambus
98%
Wielki Mur Chiński
95%
Smok
87%
Mount {Everest}
85%
Hong Kong
70%
Buddyzm
65%
Szanghaj
57%
Jangcy
48%
Porcelana
45%
Mao Zedong
44%
{Terakotowa} Armia
41%
Xi Jinping
27%
Kaligrafia
19%
Plac {Niebiańskiego Spokoju}
13%
Lhasa
10%
Ptasie Gniazdo
8%
Harbin
5%

Rozkład punktacji

Percentyl według liczby udzielonych odpowiedzi

Procent ludzi z każdym wynikiem

Twoja historia wyników

Nie rozwiązałeś tego quizu